000 00355nam a2200145Ia 4500
008 220217s9999||||xx |||||||||||||| ||und||
020 _a81-7286-585-6
082 _a510 CHA
100 _aD.S.C
245 0 _aEngineering mathematics part IV
250 _a4th
260 _aPrism books
_bBangalore
_c2009
300 _b260
650 _aMATHEMATICS
999 _c177802
_d177802